Normal view
MARC view
Entry Topical Term
001 - CONTROL NUMBER
- control field: 8325
003 - CONTROL NUMBER IDENTIFIER
- control field: BD-RjUL
005 - DATE AND TIME OF LATEST TRANSACTION
- control field: 20230813124221.0
008 - FIXED-LENGTH DATA ELEMENTS
- fixed length control field: 230813|| aca||aabn | a|a d
040 ## - CATALOGING SOURCE
- Original cataloging agency: BD-RjUL
- Transcribing agency: BD-RjUL
150 ## - HEADING--TOPICAL TERM
- Topical term or geographic name entry element: বাংলা নাটক
- General subdivision: ইতিহাস ও সমলোচনা
670 ## - SOURCE DATA FOUND
- Source citation: Work cat.: (BD-RjUL)81679: দীন, সেলিম আল , মধ্যযুগের বাঙলা নাট্য / , ২০১৮